| Tag |
First Indicator |
Second Indicator |
Subfields |
| LEADER |
00000cam a2200000 a 4500 |
| 001 |
in00001069381 |
| 005 |
20150929093046.0 |
| 008 |
850215s1985 txu s00000 eng d |
| 035 |
|
|
|a (OCoLC)11701005
|
| 035 |
|
|
|9 AFM7839AM
|
| 040 |
|
|
|a IKM
|c IKM
|d UtOrBLW
|
| 049 |
|
|
|a IKMd
|
| 086 |
|
|
|a L1801.7 H816 no.107
|2 txdocs
|
| 099 |
|
9 |
|a L1801.7
|a H816
|a no.107
|
| 245 |
0 |
0 |
|a How a bill becomes law :
|b rules for the 69th session.
|
| 264 |
|
1 |
|a Austin, Tex. :
|b House Study Group, Texas House of Representatives,
|c 1985.
|
| 300 |
|
|
|a 18 pages ;
|c 28 cm.
|
| 336 |
|
|
|a text
|b txt
|2 rdacontent
|
| 337 |
|
|
|a unmediated
|b n
|2 rdamedia
|
| 338 |
|
|
|a volume
|b nc
|2 rdacarrier
|
| 490 |
1 |
|
|a Special legislative report / House Study Group ;
|v no. 107 (Jan. 22, 1985)
|
| 500 |
|
|
|a Caption title.
|
| 500 |
|
|
|a "How a bill becomes a law: rules for the 69th legislature"--microfiche header.
|
| 610 |
1 |
0 |
|a Texas.
|b Legislature.
|
| 650 |
|
0 |
|a Bills, Legislative
|z Texas.
|
| 650 |
|
0 |
|a Legislation
|z Texas.
|
| 710 |
1 |
|
|a Texas.
|b Legislature.
|b House of Representatives.
|b Study Group.
|
| 740 |
0 |
|
|a How a bill becomes a law: rules for the 69th legislature.
|
| 740 |
0 |
|
|a Rules for the 69th legislature.
|
| 740 |
0 |
|
|a Rules for the sixty-nineth legislature.
|
| 830 |
|
0 |
|a Special legislative report ;
|v no. 107.
|
| 999 |
|
|
|a MARS
|
| 999 |
f |
f |
|s 430a9e19-1fcd-378a-81dd-5aa10bcd9618
|i a543a7b3-3de5-3be7-84be-2a5419055578
|t 0
|
| 952 |
f |
f |
|p normal
|a Texas A&M University
|b College Station
|c Sterling C. Evans Library
|d Evans: Texas Documents (Annex 5th floor)
|t 0
|e L1801.7 H816 no.107
|h Superintendent of Documents classification
|i unmediated -- volume
|m A14815843711
|
| 998 |
f |
f |
|a L1801.7 H816 no.107
|t 0
|l Evans: Texas Documents (Annex 5th floor)
|